00511 2200157 4500245015200000020001800152250001100170100002700181700002200208005001900230260003900249041001400288084000900302300003300311336000900344 aEngkaulah yang Paling Kusayang Tak Ada yang Lain b : Kisah-Kisah tentang Kesajatian Cinta dari Tradisi Islam KlasikcHaji Lalu Ibrohim M.T.hText a602-8995-11-8 aCet. 1 aHaji Lalu Ibrohim M.T. aMahbub Djamaludin a20241018100551 aYogyakartabPustaka Pesantenc2012 aIndonesia aNONE a166 halaman :b12 x 18 cm. ; atext